[Event "Verden op-A"]
[Site "Verden"]
[Date "2023.01.07"]
[Round "6"]
[White "Klages, Hans Juergen"]
[Black "Lebiedz, Oliver"]
[Result "1-0"]
[WhiteElo "2034"]
[BlackElo "1925"]
[PlyCount "90"]
[EventDate "2023.01.05"]
[EventType "swiss"]
[EventRounds "7"]
[EventCountry "GER"]
[SourceTitle "CBM 212 Extra"]
[Source "ChessBase"]
[SourceDate "2023.03.31"]
[SourceVersion "1"]
[SourceVersionDate "2023.03.31"]
[SourceQuality "1"]

1. e4 g6 2. d4 Bg7 3. Nf3 d6 4. Bc4 Nf6 5. Nc3 0-0 6. 0-0 Bg4 7. h3 Bxf3 8. Qxf3 Nc6 9. Rd1 Nd7 10. Ne2 e5 11. c3 Qh4 12. Be3 exd4 13. cxd4 Nde5 14. dxe5 Nxe5 15. Qf4 Qxf4 16. Nxf4 Nxc4 17. Bd4 Ne5 18. Rac1 c6 19. Bc3 Rfd8 20. Bb4 Bf8 21. Kf1 Rd7 22. Ke2 Re8 23. Rc2 Ng4 24. f3 Nf6 25. Bc3 Bg7 26. Rcd2 Red8 27. Kf1 Kf8 28. g4 Ke7 29. Bd4 b5 30. b4 Ne8 31. Be3 Bc3 32. Rc2 Bxb4 33. Rxc6 Kf8 34. Nd5 a5 35. Rb1 Rb7 36. Nxb4 axb4 37. Rxb4 Nc7 38. Rxd6 Ra8 39. Rb2 Ne6 40. f4 Ra4 41. Ke2 Rxe4 42. Kf3 Rc4 43. f5 gxf5 44. gxf5 Ng7 45. Rd5 b4 1-0

[Event "Niedersachsen-ch op-A"]
[Site "Verden an der Aller"]
[Date "2020.01.05"]
[Round "7"]
[White "Hachtmann, Christian"]
[Black "Lebiedz, Oliver"]
[Result "1-0"]
[WhiteElo "2058"]
[BlackElo "1987"]
[PlyCount "53"]
[EventDate "2020.01.02"]
[EventType "swiss"]
[EventRounds "7"]
[EventCountry "GER"]
[SourceTitle "EXT 2023"]
[Source "ChessBase"]
[SourceDate "2022.10.05"]
[SourceVersion "1"]
[SourceVersionDate "2022.10.05"]
[SourceQuality "1"]

1. e4 d5 2. d4 dxe4 3. Nc3 Nf6 4. f3 Bf5 5. Bg5 e3 6. Bd3 Bxd3 7. Qxd3 c6 8. Nge2 e6 9. Qxe3 Be7 10. Bxf6 Bxf6 11. Ne4 Na6 12. 0-0-0 Be7 13. Kb1 Qa5 14. h4 0-0-0 15. Nc1 h6 16. Nb3 Qc7 17. c4 Kb8 18. Nc3 Bf6 19. g4 Qe7 20. Qf2 Rhe8 21. f4 g6 22. g5 Bg7 23. h5 gxh5 24. gxh6 Bxh6 25. Rxh5 Qf6 26. f5 exf5 27. Qh2+ 1-0

[Event "Niedersachsen-ch op-A"]
[Site "Verden an der Aller"]
[Date "2020.01.04"]
[Round "6"]
[White "Lebiedz, Oliver"]
[Black "Sauer, Joris"]
[Result "1-0"]
[WhiteElo "1987"]
[BlackElo "1677"]
[PlyCount "91"]
[EventDate "2020.01.02"]
[EventType "swiss"]
[EventRounds "7"]
[EventCountry "GER"]
[SourceTitle "EXT 2023"]
[Source "ChessBase"]
[SourceDate "2022.10.05"]
[SourceVersion "1"]
[SourceVersionDate "2022.10.05"]
[SourceQuality "1"]

1. e4 e5 2. Bc4 Nf6 3. d4 Nxe4 4. dxe5 Nc5 5. Be3 Nc6 6. Nf3 Ne6 7. Nc3 d6 8. exd6 Bxd6 9. Nb5 0-0 10. Nxd6 cxd6 11. Qd2 Ne5 12. Bd5 Qc7 13. 0-0-0 Nc4 14. Bxc4 Qxc4 15. Qa5 b6 16. Qa3 d5 17. Bxb6 Nf4 18. Bd4 Bf5 19. Qb3 Qa6 20. Be5 Ng6 21. Bg3 Be4 22. a3 Rac8 23. Rd2 Ne7 24. Nd4 Nc6 25. Nxc6 Rxc6 26. f3 Bg6 27. Qxd5 h6 28. Re1 Rfc8 29. Ree2 Qa4 30. Kd1 Rxc2 31. Ke1 Rc1+ 32. Kf2 Rb1 33. f4 Rcc1 34. Kf3 Rd1 35. Bf2 Rxd2 36. Rxd2 Rc1 37. g4 h5 38. gxh5 Bb1 39. h6 Rc4 40. h7+ Kh8 41. Qd8+ Kxh7 42. Qh4+ Kg6 43. Qg5+ Kh7 44. Qh5+ Kg8 45. Rd8+ Qe8 46. Rxe8# 1-0

[Event "Niedersachsen-ch op-A"]
[Site "Verden an der Aller"]
[Date "2020.01.03"]
[Round "3"]
[White "Kiesel, Harald"]
[Black "Lebiedz, Oliver"]
[Result "1-0"]
[WhiteElo "2042"]
[BlackElo "1987"]
[PlyCount "69"]
[EventDate "2020.01.02"]
[EventType "swiss"]
[EventRounds "7"]
[EventCountry "GER"]
[SourceTitle "EXT 2023"]
[Source "ChessBase"]
[SourceDate "2022.10.05"]
[SourceVersion "1"]
[SourceVersionDate "2022.10.05"]
[SourceQuality "1"]

1. e4 d6 2. d4 c6 3. Nc3 Qc7 4. f4 e5 5. fxe5 dxe5 6. dxe5 Ne7 7. Nf3 Be6 8. Be2 Ng6 9. 0-0 Bc5+ 10. Kh1 0-0 11. Qe1 Nd7 12. Na4 Be7 13. Be3 b5 14. Nc3 Ndxe5 15. Nd4 Bc4 16. Nf5 Bb4 17. Bxc4 Nxc4 18. Bd4 f6 19. a3 Be7 20. b3 Nce5 21. Qg3 Rac8 22. Ne2 Nf7 23. Nf4 Ng5 24. Rae1 Bd6 25. Nxd6 Qxd6 26. Nxg6 Qxg3 27. Ne7+ Kf7 28. hxg3 Kxe7 29. Bc5+ Ke6 30. Bxf8 Rxf8 31. e5 f5 32. g4 g6 33. gxf5+ gxf5 34. g4 Ne4 35. Rxe4 1-0

[Event "Niedersachsen-ch op A"]
[Site "Verden"]
[Date "2018.01.06"]
[Round "5"]
[White "Martin, Dennis"]
[Black "Lebiedz, Oliver"]
[Result "1-0"]
[WhiteElo "1993"]
[BlackElo "1895"]
[PlyCount "53"]
[EventDate "2018.01.04"]
[EventType "swiss"]
[EventRounds "7"]
[EventCountry "GER"]
[SourceTitle "EXT 2022"]
[Source "ChessBase"]
[SourceDate "2021.10.06"]
[SourceVersion "1"]
[SourceVersionDate "2021.10.06"]
[SourceQuality "1"]

1. e4 c5 2. c4 Nc6 3. Nc3 d6 4. g3 e5 5. Bg2 g6 6. Nge2 Bg7 7. a3 Nge7 8. Rb1 Nd4 9. 0-0 0-0 10. b4 Be6 11. d3 cxb4 12. axb4 Nxe2+ 13. Qxe2 Qd7 14. Be3 f5 15. Nd5 Bxd5 16. cxd5 f4 17. gxf4 exf4 18. Bc1 g5 19. Qh5 Rf6 20. Bh3 Qb5 21. Bb2 Rg6 22. Bf5 Qxd3 23. Bxg6 Nxg6 24. Bxg7 Kxg7 25. f3 Rc8 26. Rb2 Qd4+ 27. Rbf2 1-0

[Event "Niedersachsen-ch op A"]
[Site "Verden"]
[Date "2018.01.04"]
[Round "1"]
[White "Renner, Kai"]
[Black "Lebiedz, Oliver"]
[Result "1-0"]
[WhiteElo "2137"]
[BlackElo "1895"]
[PlyCount "61"]
[EventDate "2018.01.04"]
[EventType "swiss"]
[EventRounds "7"]
[EventCountry "GER"]
[SourceTitle "EXT 2022"]
[Source "ChessBase"]
[SourceDate "2021.10.06"]
[SourceVersion "1"]
[SourceVersionDate "2021.10.06"]
[SourceQuality "1"]

1. e4 Nc6 2. Nf3 f5 3. exf5 d5 4. d4 Bxf5 5. Bb5 Qd6 6. 0-0 Nf6 7. Ne5 Nd7 8. Bxc6 bxc6 9. Bf4 Nxe5 10. Bxe5 Qg6 11. Bxc7 Bxc2 12. Qd2 e6 13. Qc3 c5 14. Na3 Rc8 15. Bg3 Bf5 16. Nb5 Bd3 17. Nxa7 Ra8 18. Rfd1 Bc2 19. Rd2 Ba4 20. Qa5 Bd7 21. dxc5 Qg5 22. Re2 d4 23. b4 Qd5 24. Qb6 d3 25. Rd2 Rxa7 26. Qb8+ Kf7 27. Qxa7 Be7 28. Rad1 Bc6 29. f3 Ra8 30. Qc7 Rxa2 31. Rxd3 1-0

[Event "Niedersachsen-ch op-B"]
[Site "Verden"]
[Date "2017.01.07"]
[Round "6"]
[White "Kardoeus, David"]
[Black "Lebiedz, Oliver"]
[Result "1-0"]
[WhiteElo "2161"]
[BlackElo "1939"]
[PlyCount "47"]
[EventDate "2017.01.05"]
[EventType "swiss"]
[EventRounds "7"]
[EventCountry "GER"]
[SourceTitle "CBM 187 Extra"]
[Source "ChessBase"]
[SourceDate "2018.11.04"]
[SourceVersion "1"]
[SourceVersionDate "2018.11.04"]
[SourceQuality "1"]

1. e4 Nc6 2. Nf3 f5 3. exf5 d5 4. d4 Bxf5 5. Bb5 e6 6. Ne5 Bd6 7. Nxc6 Qd7 8. Nxa7 c6 9. Nxc6 bxc6 10. Bd3 Ne7 11. 0-0 0-0 12. Nc3 Ng6 13. Ne2 Qe7 14. Bxf5 Rxf5 15. g3 e5 16. dxe5 Qxe5 17. Nd4 Rf7 18. Nxc6 Qe6 19. Re1 Qh3 20. Qxd5 Nh4 21. Ne7+ Bxe7 22. Qxa8+ Rf8 23. Qd5+ Kh8 24. Rxe7 1-0

[Event "Niedersachsen-ch op-B"]
[Site "Verden"]
[Date "2017.01.05"]
[Round "1"]
[White "Lebiedz, Oliver"]
[Black "Aden, Dagmar"]
[Result "1/2-1/2"]
[WhiteElo "1939"]
[BlackElo "1834"]
[PlyCount "167"]
[EventDate "2017.01.05"]
[EventType "swiss"]
[EventRounds "7"]
[EventCountry "GER"]
[SourceTitle "CBM 187 Extra"]
[Source "ChessBase"]
[SourceDate "2018.11.04"]
[SourceVersion "1"]
[SourceVersionDate "2018.11.04"]
[SourceQuality "1"]

1. e4 c5 2. Nf3 d6 3. d4 cxd4 4. c3 Nf6 5. Bb5+ Bd7 6. Qe2 a6 7. Bxd7+ Nbxd7 8. cxd4 e6 9. Nc3 Nb6 10. 0-0 Be7 11. Rd1 0-0 12. h3 Rc8 13. Bf4 d5 14. e5 Nfd7 15. Rac1 Re8 16. Nh2 Nf8 17. Bg3 Ng6 18. f4 Nh4 19. Bf2 Nc4 20. g3 Nf5 21. g4 Nh6 22. Rc2 Bh4 23. b3 Na3 24. Rcc1 Bxf2+ 25. Qxf2 Qa5 26. Na4 Nb5 27. Nc5 b6 28. Nd3 Qa3 29. Rxc8 Rxc8 30. f5 Nc3 31. Rc1 Ne2+ 32. Qxe2 Rxc1+ 33. Nxc1 Qxc1+ 34. Nf1 b5 35. Qf2 Qc3 36. Kg2 Qd3 37. Ng3 a5 38. f6 Qg6 39. Nh5 gxf6 40. Nxf6+ Kg7 41. Qd2 b4 42. Qc1 Ng8 43. Nh5+ Kh8 44. Qf4 Ne7 45. Qf2 Nc6 46. Kg3 Ne7 47. Nf4 Qg7 48. h4 Nf5+ 49. Kh3 Ne7 50. Qc2 h6 51. Qc5 Ng6 52. Nh5 Qf8 53. Qxa5 Qb8 54. Qc5 Qd8 55. Nf6 Nf4+ 56. Kh2 Ng6 57. Kg3 Nf8 58. Qxb4 Nd7 59. Qd6 Qc8 60. Qb4 Nxf6 61. exf6 Kh7 62. Qc5 Qb8+ 63. Kh3 Qf4 64. Qc2+ Kh8 65. Qd3 Qxf6 66. a4 Qe7 67. Qd2 Kg7 68. b4 Qf6 69. Qd3 Qf2 70. b5 Qg1 71. Qd2 Qh1+ 72. Kg3 Qg1+ 73. Kf3 Qh1+ 74. Ke3 Qh3+ 75. Kf4 Qxh4 76. Qe2 Qg5+ 77. Kg3 Qc1 78. Qe5+ Kg8 79. b6 Qg1+ 80. Kf3 Qf1+ 81. Ke3 Qc1+ 82. Kf3 Qf1+ 83. Ke3 Qe1+ 84. Kf3 1/2-1/2

[Event "Harburg-chB 11th"]
[Site "Hamburg"]
[Date "2016.10.02"]
[Round "4"]
[White "Lebiedz, Oliver"]
[Black "Schwarzkopf, Joerg"]
[Result "1/2-1/2"]
[WhiteElo "1876"]
[BlackElo "1815"]
[PlyCount "82"]
[EventDate "2016.10.01"]
[EventType "swiss"]
[EventRounds "5"]
[EventCountry "GER"]
[SourceTitle "EXT 2018"]
[Source "ChessBase"]
[SourceDate "2017.10.13"]
[SourceVersion "1"]
[SourceVersionDate "2017.10.13"]
[SourceQuality "1"]

1. e4 c5 2. Nf3 Nc6 3. d4 cxd4 4. Nxd4 Nf6 5. Nc3 e5 6. Nf5 d5 7. exd5 Bxf5 8. dxc6 bxc6 9. Be3 Qxd1+ 10. Rxd1 Bb4 11. Bd3 Bxd3 12. cxd3 Nd5 13. 0-0 Bxc3 14. bxc3 Nxc3 15. Rd2 Nd5 16. Bc5 Kd7 17. Re2 f6 18. Rb2 Rhb8 19. Rc2 Rb5 20. Rfc1 a6 21. a4 Rb3 22. Be3 Nxe3 23. fxe3 Rxd3 24. Rxc6 Ra7 25. Kf2 Rd6 26. R6c4 Ke6 27. Rc7 Rxc7 28. Rxc7 g5 29. Rxh7 Rd2+ 30. Kf3 Ra2 31. Rb7 Rxa4 32. Rb6+ Kf5 33. h3 e4+ 34. Kf2 Ra2+ 35. Kf1 a5 36. Kg1 a4 37. g4+ Kg6 38. Re6 a3 39. Rxe4 Ra1+ 40. Kg2 a2 41. Ra4 Re1 1/2-1/2

[Event "Harburg-chB 11th"]
[Site "Hamburg"]
[Date "2016.10.02"]
[Round "3"]
[White "Rudolph, Jens Erik"]
[Black "Lebiedz, Oliver"]
[Result "0-1"]
[WhiteElo "1946"]
[BlackElo "1876"]
[PlyCount "72"]
[EventDate "2016.10.01"]
[EventType "swiss"]
[EventRounds "5"]
[EventCountry "GER"]
[SourceTitle "EXT 2018"]
[Source "ChessBase"]
[SourceDate "2017.10.13"]
[SourceVersion "1"]
[SourceVersionDate "2017.10.13"]
[SourceQuality "1"]

1. e4 Nc6 2. Nf3 f5 3. Nc3 fxe4 4. Nxe4 d5 5. Ng3 e5 6. Bb5 Bd6 7. Bxc6+ bxc6 8. Nxe5 Qf6 9. Nf3 Ne7 10. 0-0 0-0 11. d4 h6 12. Qd3 c5 13. Be3 Bxg3 14. hxg3 Ba6 15. Qa3 Bxf1 16. Rxf1 c4 17. Bf4 Nf5 18. Qc5 Rfd8 19. Re1 Qb6 20. Qxc7 Qxc7 21. Bxc7 Rd7 22. Be5 a5 23. c3 a4 24. g4 Nd6 25. a3 Ne4 26. Bf4 Rb7 27. Bc1 Rab8 28. Nh4 Rxb2 29. Bxb2 Rxb2 30. f3 Nxc3 31. Re8+ Kf7 32. Ra8 Ne2+ 33. Kh2 c3 34. Ra7+ Kg8 35. Nf5 c2 36. Rxg7+ Kf8 0-1

[Event "Stuttgart-chA int"]
[Site "Ditzingen"]
[Date "2016.05.07"]
[Round "6"]
[White "Lebiedz, Oliver"]
[Black "Ruff, Robert"]
[Result "1/2-1/2"]
[WhiteElo "1914"]
[BlackElo "1871"]
[PlyCount "131"]
[EventDate "2016.05.05"]
[EventType "swiss"]
[EventRounds "7"]
[EventCountry "GER"]
[SourceTitle "EXT 2018"]
[Source "ChessBase"]
[SourceDate "2017.10.13"]
[SourceVersion "1"]
[SourceVersionDate "2017.10.13"]
[SourceQuality "1"]

1. e4 e6 2. Nc3 d5 3. Nf3 d4 4. Ne2 c5 5. c3 Nc6 6. cxd4 cxd4 7. Qa4 Bc5 8. b4 Bb6 9. b5 Na5 10. Nexd4 Nf6 11. Nc2 0-0 12. Be2 Bd7 13. Ne5 Rc8 14. Bb2 a6 15. Nxd7 Qxd7 16. Bc3 axb5 17. Bxb5 Qc7 18. 0-0 Nc4 19. Rac1 Nxe4 20. Bb4 Ra8 21. Qb3 Ncxd2 22. Qb2 Nxf1 23. Rxf1 Rfc8 24. Bd3 Qc6 25. Ne3 f5 26. Nc4 Bd8 27. Qe2 Bc7 28. Rd1 Rd8 29. a3 b5 30. Nd2 Rac8 31. Bxb5 Qc2 32. Bc4 Kf7 33. Qh5+ Kf6 34. Qh4+ Kg6 35. Bb3 Qd3 36. Bxe6 Rb8 37. g4 fxg4 38. Qxg4+ Ng5 39. h4 Rb5 40. f4 Bxf4 41. h5+ Kh6 42. Qxf4 Qd4+ 43. Qxd4 Rxd4 44. Re1 Rbxb4 45. axb4 Rxd2 46. Bg4 Rb2 47. Rd1 Rxb4 48. Rd6+ g6 49. Be2 Nh3+ 50. Kf1 Nf4 51. hxg6 hxg6 52. Bd1 Rb2 53. Bf3 Kg5 54. Rd4 Kf5 55. Rc4 Ke5 56. Re4+ Kf5 57. Rc4 Ke5 58. Re4+ Kf5 59. Rc4 Kg5 60. Rc5+ Kh4 61. Rc3 g5 62. Bc6 g4 63. Rc4 Kg3 64. Rc3+ Kh2 65. Rc4 Kg3 66. Rc3+ 1/2-1/2

[Event "Niedersachsen-ch op-A"]
[Site "Verden"]
[Date "2015.01.05"]
[Round "7"]
[White "Sawadkuhi, Massoud Amir"]
[Black "Lebiedz, Oliver"]
[Result "1-0"]
[WhiteElo "2146"]
[BlackElo "1856"]
[PlyCount "73"]
[EventDate "2015.01.02"]
[EventType "swiss"]
[EventRounds "7"]
[EventCountry "GER"]
[SourceTitle "EXT 2018"]
[Source "ChessBase"]
[SourceDate "2017.10.13"]
[SourceVersion "1"]
[SourceVersionDate "2017.10.13"]
[SourceQuality "1"]

1. e4 d5 2. exd5 Nf6 3. c4 c6 4. Nc3 cxd5 5. cxd5 Nxd5 6. Nf3 g6 7. Qb3 Nb6 8. Bb5+ Bd7 9. Ne5 e6 10. Nxd7 N8xd7 11. d4 Bg7 12. Ne4 0-0 13. Bg5 Qb8 14. Rd1 a6 15. Bxd7 Nxd7 16. 0-0 b5 17. d5 exd5 18. Rxd5 Nb6 19. Rdd1 Qe5 20. Rfe1 Qxb2 21. Qf3 f6 22. Be3 Nc4 23. Bd4 Qxa2 24. Ra1 Nd2 25. Rxa2 Nxf3+ 26. gxf3 a5 27. Rea1 a4 28. Rb1 Rfb8 29. Nc3 b4 30. Nxa4 f5 31. Bxg7 Kxg7 32. Raa1 b3 33. Nb2 Ra2 34. Kg2 Kf6 35. Nd3 Rd8 36. Nb4 Rdd2 37. Nxa2 1-0

[Event "Niedersachsen-ch op-A"]
[Site "Verden"]
[Date "2014.01.02"]
[Round "1"]
[White "Schlichter, Lisa"]
[Black "Lebiedz, Oliver"]
[Result "0-1"]
[WhiteElo "1654"]
[BlackElo "1821"]
[PlyCount "108"]
[EventDate "2014.01.02"]
[EventType "swiss"]
[EventRounds "7"]
[EventCountry "GER"]
[SourceTitle "EXT 2016"]
[Source "ChessBase"]
[SourceDate "2015.10.08"]
[SourceVersion "1"]
[SourceVersionDate "2015.10.08"]
[SourceQuality "1"]

1. e4 e5 2. Nf3 Nc6 3. Nc3 Nf6 4. d4 exd4 5. Nxd4 d6 6. Bg5 Be7 7. Nxc6 bxc6 8. Bd3 0-0 9. 0-0 Rb8 10. Rb1 Be6 11. Re1 Ng4 12. Bf4 Bf6 13. Na4 Bd4 14. Bg3 Qf6 15. Qd2 h5 16. c3 Be5 17. Bxe5 Nxe5 18. Bc2 Qg6 19. Kh1 Bg4 20. Bd1 h4 21. h3 Bd7 22. b3 c5 23. Nb2 f5 24. exf5 Bxf5 25. Rc1 Rbe8 26. Bc2 c6 27. Rf1 Bxc2 28. Qxc2 Qf6 29. Kg1 Re7 30. Rce1 Rfe8 31. Qd2 Qg6 32. Kh1 d5 33. Nd1 d4 34. cxd4 cxd4 35. Nb2 c5 36. Rc1 Nd7 37. Rfe1 Ne5 38. Rf1 Nd7 39. Rfe1 Qh5 40. Rxe7 Rxe7 41. Re1 Qe8 42. Rxe7 Qxe7 43. Nd3 Nf6 44. Kg1 Ne4 45. Qc2 Nc3 46. Kf1 Qe4 47. Qd2 Qf5 48. a4 Ne4 49. Qd1 Qd5 50. Kg1 Nc3 51. Qd2 c4 52. bxc4 Qxc4 53. Nb2 Ne2+ 54. Kf1 Ng3+ 0-1

[Event "Bremen-ch op"]
[Site "Bremen"]
[Date "2013.03.29"]
[Round "7"]
[White "Meyer, Irmin"]
[Black "Lebiedz, Oliver"]
[Result "1-0"]
[WhiteElo "1985"]
[BlackElo "1821"]
[PlyCount "79"]
[EventDate "2013.03.23"]
[EventType "swiss"]
[EventRounds "9"]
[EventCountry "GER"]
[SourceTitle "EXT 2022"]
[Source "ChessBase"]
[SourceDate "2021.10.06"]
[SourceVersion "1"]
[SourceVersionDate "2021.10.06"]
[SourceQuality "1"]

1. e4 c5 2. c3 d6 3. d4 cxd4 4. cxd4 Nf6 5. Nc3 g6 6. Nf3 Bg7 7. Be2 0-0 8. 0-0 a6 9. Be3 b5 10. a3 Bb7 11. Bd3 Nbd7 12. Rc1 Rc8 13. Qe2 Rc7 14. Rc2 Qa8 15. Rfc1 Rcc8 16. h3 Nb6 17. Nd2 Nfd7 18. f3 Rfd8 19. Qf2 Qb8 20. b3 d5 21. e5 f6 22. f4 Nf8 23. Nf3 f5 24. Qh4 Rd7 25. g4 e6 26. Qg3 Kh8 27. gxf5 gxf5 28. Kh2 Rcc7 29. Qh4 Ng6 30. Qh5 Bf8 31. Rg1 Qe8 32. Rcg2 Rg7 33. Ne2 Nc8 34. Bf2 Be7 35. Nh4 Bxh4 36. Bxh4 Kg8 37. Bf6 Nce7 38. Qh6 Qf7 39. Ng3 Rc8 40. Nh5 1-0

[Event "Bremen-ch op"]
[Site "Bremen"]
[Date "2013.03.24"]
[Round "2"]
[White "Lebiedz, Oliver"]
[Black "Pautz, Peter"]
[Result "0-1"]
[WhiteElo "1821"]
[BlackElo "2034"]
[PlyCount "138"]
[EventDate "2013.03.23"]
[EventType "swiss"]
[EventRounds "9"]
[EventCountry "GER"]
[SourceTitle "EXT 2022"]
[Source "ChessBase"]
[SourceDate "2021.10.06"]
[SourceVersion "1"]
[SourceVersionDate "2021.10.06"]
[SourceQuality "1"]

1. d4 e6 2. Nf3 Nf6 3. e3 b6 4. Bd3 Bb7 5. Nbd2 c5 6. 0-0 d6 7. c3 Be7 8. Re1 Nc6 9. Qe2 0-0 10. Nf1 Rc8 11. Ng3 Qc7 12. Bd2 Rfe8 13. e4 e5 14. d5 Nb8 15. c4 Nbd7 16. Nf5 Bf8 17. h3 g6 18. Nh6+ Bxh6 19. Bxh6 Nh5 20. Nh2 Qd8 21. Qe3 Qe7 22. Bc2 Rb8 23. Bd1 Ng7 24. Bxg7 Kxg7 25. Ng4 f6 26. Qh6+ Kg8 27. Ba4 Rf8 28. Qh4 Bc8 29. Re3 a6 30. Bc6 h5 31. Nh2 Rf7 32. g4 Rh7 33. Qg3 h4 34. Qg2 Nf8 35. Rf1 g5 36. Nf3 Ng6 37. Ne1 b5 38. Rb3 Nf4 39. Qf3 b4 40. Nd3 Qa7 41. Nxf4 exf4 42. Rd3 Re7 43. Ba4 Re5 44. Bc2 Qe7 45. Rd2 Bd7 46. Qd3 Qe8 47. f3 Ba4 48. Bb3 Kg7 49. Kg2 Bd7 50. Bc2 Qd8 51. Rdd1 Be8 52. Qd2 Bg6 53. Rf2 Qe8 54. Kh2 Re7 55. Kg2 Reb7 56. Qe2 Qe5 57. b3 a5 58. Rb1 Ra7 59. Rbf1 Be8 60. Rb1 Rba8 61. Qd3 a4 62. Rd2 axb3 63. Bxb3 Ra3 64. Rbb2 Ba4 65. Qe2 Bxb3 66. Rxb3 Rxb3 67. axb3 Ra3 68. Rd3 Qa1 69. Kh2 Qb1 0-1

[Event "Rostock SSC 07 op 11th"]
[Site "Rostock"]
[Date "2012.08.05"]
[Round "7"]
[White "Birnbaum, Wolf Dieter"]
[Black "Lebiedz, Oliver"]
[Result "0-1"]
[WhiteElo "2016"]
[BlackElo "1839"]
[PlyCount "52"]
[EventDate "2012.08.01"]
[EventType "swiss"]
[EventRounds "7"]
[EventCountry "GER"]
[SourceTitle "EXT 2017"]
[Source "ChessBase"]
[SourceDate "2016.10.25"]
[SourceVersion "1"]
[SourceVersionDate "2016.10.25"]
[SourceQuality "1"]

1. Nf3 Nf6 2. g3 g6 3. Bg2 Bg7 4. 0-0 0-0 5. d4 d6 6. c4 c5 7. Nc3 Nbd7 8. Qc2 Re8 9. Rd1 a6 10. e4 Qc7 11. b3 Rb8 12. e5 dxe5 13. dxe5 Ng4 14. Nd5 Qd8 15. Bf4 e6 16. Nc3 Qc7 17. Rd2 Ngxe5 18. Rad1 Nxf3+ 19. Bxf3 e5 20. Be3 Nf6 21. Nd5 Qa5 22. b4 cxb4 23. Bb6 Qa3 24. Rd3 Bf5 25. Ne3 Bxd3 26. Rxd3 b3 0-1